| 000 | nam a22 a 4500 | ||
|---|---|---|---|
| 999 |
_c429173 _d429173 |
||
| 003 | BLK | ||
| 005 | 20210819145509.0 | ||
| 008 | 210819b bu |||||r|||| 00| | bu d | ||
| 040 | _aBLK | ||
| 041 |
_aBUL _cBUL |
||
| 080 |
_aРуска литература _b821.161.1 _x-31 _z821.161.1-31 |
||
| 100 |
_9321678 _aФилипов, Михаил Михайлович _eпърви автор |
||
| 139 | _aФилипов, Михаил Михайлович | ||
| 245 |
_aОбсадата на Севастопол _bИл. ист. роман в 5 ч. _cМихаил Михайлович Филипов ; прев. от рус. Г. Бонев |
||
| 260 |
_aСофия _c1898 _fСофия : Просвещение |
||
| 300 |
_a624 с. _c24 см |
||
| 380 | _aX | ||
| 490 |
_9435080 _aКолекция Редки и ценни издания |
||
| 700 |
_91121 _aБонев, Георги _eпрев. от рус. |
||
| 852 |
_aРб 898 _bРц |
||
| 942 |
_cKNG _n0 _s1 |
||
| 944 |
_aCR _c2021-08-19 _kХристина Везирева |
||
| 999 | _d429173 | ||